000
00314nam a22001217a 4500
008
140515t xxu||||| |||| 00| 0 eng d
020
_a
1-58829-479-X
100
_a
John Varga
_9
854
240
_a
Methods in molecular medicine
245
_a
Fibrosis Research
_b
Methods and Protocols
300
_a
393
942
_2
ddc
_c
BK
999
_c
17097
_d
17097